DN 150 anos (Record no. 45241)
[ view plain ]
| 000 -Etiqueta do registo | |
|---|---|
| Valores | 00657nas a2200205 4500 |
| 100 ## - Dados gerais de processamento | |
| Dados gerais | 20150205b20142014m y0pory50030103ba |
| 101 0# - Língua de publicação | |
| Língua | por |
| 102 ## - País de publicação | |
| País | PT |
| 200 1# - Titulo e menção de responsabilidade | |
| Título próprio | DN 150 anos |
| Primeira menção de responsabilidade | propr. Global Notícias Publicacões |
| Outras menções de responsabilidade | dir. André Machado |
| 210 #9 - Publicação | |
| Local de publicação | Lisboa |
| Nome do editor | Global Notícias Publicacões, |
| Data de publicação | 2014 |
| 215 ## - Descrição física | |
| Dimensões | 29 cm |
| 532 10 - | |
| Título desenvolvido | Diário de Notícias 150 anos |
| 675 ## - CDU | |
| Notação | 94(100)"1894/1924"(051) |
| Edição | BN |
| Língua | por |
| 702 #1 - Autor secundário | |
| Apelido | Machado, |
| Nome | André |
| Função | 300 |
| 712 02 - Autor entidade secundário | |
| Nome da entidade | Global Notícias |
| 801 #0 - Fonte de origem | |
| País | PT |
| Agência | BN |
| Regras de catalogação | RPC |
| 856 41 - Localização e acesso electrónico | |
| URL | <a href="http://rnod.bnportugal.gov.pt/ImagesBN/winlibimg.aspx?skey=&doc=1893950&img=55809&save=true">http://rnod.bnportugal.gov.pt/ImagesBN/winlibimg.aspx?skey=&doc=1893950&img=55809&save=true</a> |
| 990 ## - Elementos KOHA | |
| Tipo de documento | Jornais e Revistas |
| Aquisição | Empréstimo | Código de barras | Cota | Permissão de empréstimo | Tipo de documento | Nota relativa ao exemplar |
|---|---|---|---|---|---|---|
| Biblioteca Municipal de Redondo | Biblioteca Municipal de Redondo | 055946 | 94(100)(05) GLO | Consulta presencial | Jornais e Revistas | 1864-1894 |
| Biblioteca Municipal de Redondo | Biblioteca Municipal de Redondo | 055947 | 94(100)(05) GLO | Consulta presencial | Jornais e Revistas | 1894-1924 |
| Biblioteca Municipal de Redondo | Biblioteca Municipal de Redondo | 055948 | 94(100)(05) GLO | Consulta presencial | Jornais e Revistas | 1924-1954 |
| Biblioteca Municipal de Redondo | Biblioteca Municipal de Redondo | 055949 | 94(100)(05) GLO | Consulta presencial | Jornais e Revistas | 1954-1984 |
| Biblioteca Municipal de Redondo | Biblioteca Municipal de Redondo | 055950 | 94(100)(05) GLO | Consulta presencial | Jornais e Revistas | 1984-2014 |